| 000 | 00434ntaaa2200181 4500 | ||
|---|---|---|---|
| 003 | 01 | ||
| 005 | 20251027202923.0 | ||
| 008 | 0714s1973 ag 01 | ||
| 040 |
_aAR-BaBN _bspa _cAR-BaBN _eaacr _dRIC |
||
| 082 | _a922.0000 W43 | ||
| 100 |
_aWeiser, R _929731 |
||
| 245 | _aLuther by a Lutheran | ||
| 250 | _a1 ed. | ||
| 260 |
_aPhiladelphia : _bG.W. Frederick, _cc1883 |
||
| 300 | _a443 p | ||
| 650 |
_abiografĂa _91311 |
||
| 942 | _cBK | ||
| 999 |
_c24454 _d24454 |
||